书目信息 |
| 题名: |
失效锂离子电池回收与利用
|
|
| 作者: | 杨越 , 徐盛明 著 | |
| 分册: | ||
| 出版信息: | 北京 科学出版社 2024.11 |
|
| 页数: | 191页 | |
| 开本: | 25cm | |
| 丛书名: | ||
| 单 册: | ||
| 中图分类: | X760.5 | |
| 科图分类: | ||
| 主题词: | 锂离子电池--li li zi dian chi--废物综合利用 | |
| 电子资源: | ||
| ISBN: | 978-7-03-079236-5 | |
| 000 | 01228nam0 2200265 450 | |
| 001 | 95253 | |
| 005 | 20250902072934.97 | |
| 010 | @a978-7-03-079236-5@b精装@dCNY108.00 | |
| 100 | @a20241225d2024 em y0chiy50 ea | |
| 101 | 0 | @achi |
| 102 | @aCN@b110000 | |
| 105 | @aak z 000yy | |
| 106 | @ar | |
| 200 | 1 | @a失效锂离子电池回收与利用@Ashi xiao li li zi dian chi hui shou yu li yong@f杨越, 徐盛明著 |
| 210 | @a北京@c科学出版社@d2024.11 | |
| 215 | @a191页@c图@d25cm | |
| 312 | @a英文题名取自封面 | |
| 330 | @a本书介绍了锂离子电池的基本工作原理及其电化学性能衰减规律, 系统梳理了作者在失效动力锂离子电池预处理、失效正极材料有价组分湿法回收、材料再生循环利用、电解液回收利用等方面的最新研究进展。书稿主要分为锂离子电池简介、失效锂离子电池概述、失效锂离子电池回收预处理技术、失效锂离子电池三元材料回收、失效磷酸铁锂正极材料再生和失效电解液处理与回收六个章节的内容, 为失效锂离子电池的回收利用提供了理论依据和技术支持。 | |
| 510 | 1 | @aRecycling and utilization of spent lithium-ion batteries@zeng |
| 606 | 0 | @a锂离子电池@Ali li zi dian chi@x废物综合利用 |
| 690 | @aX760.5@v5 | |
| 701 | 0 | @a杨越@Ayang yue@4著 |
| 701 | 0 | @a徐盛明@Axu sheng ming@4著 |
| 801 | 0 | @aCN@c20250909 |
| 905 | @a河南城建学院图书馆@dX760.5@eY321@f1 | |
| 失效锂离子电池回收与利用/杨越, 徐盛明著.-北京:科学出版社,2024.11 |
| 191页:图;25cm |
| ISBN 978-7-03-079236-5(精装):CNY108.00 |
| 本书介绍了锂离子电池的基本工作原理及其电化学性能衰减规律, 系统梳理了作者在失效动力锂离子电池预处理、失效正极材料有价组分湿法回收、材料再生循环利用、电解液回收利用等方面的最新研究进展。书稿主要分为锂离子电池简介、失效锂离子电池概述、失效锂离子电池回收预处理技术、失效锂离子电池三元材料回收、失效磷酸铁锂正极材料再生和失效电解液处理与回收六个章节的内容, 为失效锂离子电池的回收利用提供了理论依据和技术支持。 |
| ● |
| 相关链接 |
|
|
|
正题名:失效锂离子电池回收与利用
索取号:X760.5/Y321
 
预约/预借
| 序号 | 登录号 | 条形码 | 馆藏地/架位号 | 状态 | 备注 |
| 1 | 1629311 | 216293115 | 自科库501/501自科库 109排2列5层/ [索取号:X760.5/Y321] | 在馆 |